Detalles MARC
| 000 -LEADER |
| fixed length control field |
04065nam a2200505Ii 4500 |
| 001 - CONTROL NUMBER |
| control field |
DIGUAM02145 |
| 003 - CONTROL NUMBER IDENTIFIER |
| control field |
NyNyDIG |
| 006 - FIXED-LENGTH DATA ELEMENTS--ADDITIONAL MATERIAL CHARACTERISTICS |
| fixed length control field |
m o d |
| 007 - PHYSICAL DESCRIPTION FIXED FIELD--GENERAL INFORMATION |
| fixed length control field |
cr ||||||||||| |
| 008 - FIXED-LENGTH DATA ELEMENTS--GENERAL INFORMATION |
| fixed length control field |
130601s2012 sp a ob 100 0 spa d |
| 020 ## - INTERNATIONAL STANDARD BOOK NUMBER |
| Canceled/invalid ISBN |
9788483442180 |
| 020 ## - INTERNATIONAL STANDARD BOOK NUMBER |
| Canceled/invalid ISBN |
8483442183 |
| 035 ## - SYSTEM CONTROL NUMBER |
| System control number |
(OCoLC)888282013 |
| 040 ## - CATALOGING SOURCE |
| Original cataloging agency |
DGITA |
| Language of cataloging |
eng |
| Description conventions |
pn |
| Transcribing agency |
DGITA |
| 041 0# - LANGUAGE CODE |
| Language code of text/sound track or separate title |
spa |
| -- |
eng |
| 050 14 - LIBRARY OF CONGRESS CALL NUMBER |
| Classification number |
GT3170 eBook |
| 111 2# - MAIN ENTRY--MEETING NAME |
| Meeting name or jurisdiction name as entry element |
Jornadas Internacionales de Arqueología y Género |
| Number of part/section/meeting |
(2nd : |
| Date of meeting or treaty signing |
2010 : |
| Location of meeting |
Madrid, Spain) |
| 245 13 - TITLE STATEMENT |
| Title |
La arqueología funeraria desde una perspectiva de género / |
| Statement of responsibility, etc. |
Lourdes Prados Torreira (ed.) ; Clara López Ruiz y Javier Parra Camacho (coords.). |
| 264 #1 - PRODUCTION, PUBLICATION, DISTRIBUTION, MANUFACTURE, AND COPYRIGHT NOTICE |
| Place of production, publication, distribution, manufacture |
Madrid : |
| Name of producer, publisher, distributor, manufacturer |
Servicio de Publicaciones de la Universidad Autónoma de Madrid, |
| Date of production, publication, distribution, manufacture, or copyright notice |
c2012. |
| 300 ## - PHYSICAL DESCRIPTION |
| Extent |
1 online resource (417 pages) : |
| Other physical details |
ill. |
| 336 ## - CONTENT TYPE |
| Content type term |
text |
| Content type code |
txt |
| Source |
rdacontent |
| 337 ## - MEDIA TYPE |
| Media type term |
computer |
| Media type code |
c |
| Source |
rdamedia |
| 338 ## - CARRIER TYPE |
| Carrier type term |
online resource |
| Carrier type code |
cr |
| Source |
rdacarrier |
| 490 1# - SERIES STATEMENT |
| Series statement |
Colección Estudios ; |
| Volume/sequential designation |
145 |
| 500 ## - GENERAL NOTE |
| General note |
Contains the majority of submissions presented in the "II Jornadas Internacionales de Arqueología Género", from 21 April to 23 May 2010 in the UAM. |
| 504 ## - BIBLIOGRAPHY, ETC. NOTE |
| Bibliography, etc. note |
Includes bibliographical references. |
| 505 0# - FORMATTED CONTENTS NOTE |
| Formatted contents note |
Prólogo -- Muerte y género en la prehistoria española / Sandra Montón Subías -- La mujer en el III milenio A. C. a través de las manifestaciones funerarias: un ejemplo en territorio madrileño / Concepción Blanco Bosqued y Patricia Ríos Mendoza -- Mujeres e identidad: el cuerpo y su contribución a la construcción de identidades en el mundo argárico / Eva Alarcón García y Margarita Sánchez Romero -- El género de los objetos. Variaciones sobre orfebrería argárica / Alicia Perea -- Evocaciones a la maternidad y la lactancia en las ofrendas funerarias del Egipto faranóico / María José López-Grande -- La muerte visita la casa: mujres, cuidados y memorias familiares en los rituales funerarios fenicio-púnicos / Ana Delgado Hervás y Meritxell Ferrer Martín -- Las estelas diademadas, representaciones de jefaturas femeninas en el bronce final / Luis Berrocal-Rangel -- Mujeres en la necrópolis tartesias / María Belén -- La tumba de la casa del Carpio (Belvís de la Jara, Toledo). Un entrerramiento femenino de época orientalizante / Juan Pereira Sieso -- Si las muertas hablaran... una aproximación a los contextos funerarios de la cultura ibérica / Lourdes Prados Torreira -- Identidades de género y prácticas sociales en el registro funerario ibérico. La necrópolis de el cigarralejo / Carmen Rísquez Cuenca y Ma. Antonia García Luque -- Mujeres y y plantas en el imaginario ibérico de la muerte / Isabel Izquierdo Peraile -- La representación de la muerte en la cerámica ibérica y el universo masculino / Juan A. Santos Velasco -- Mujeres, amazonas, tumbas y armas: una aproximación transcultural / Fernando Quesada Sanz -- Cuestiones de partida: la asociación de armas a varones y los problemas de la identificación osteológica -- Gender and funerary practices during the scandinavian iron ages / Liv Helga Commasnes -- La infancia en época visigoda: su reflejo en las necrópolis madrileñas / Ana Garcí Castañeda y Javier Parra Camacho - Participantes. |
| 546 ## - LANGUAGE NOTE |
| Language note |
Texts in Spanish and English. |
| 650 #0 - SUBJECT ADDED ENTRY--TOPICAL TERM |
| Topical term or geographic name entry element |
Feminist archaeology |
| Form subdivision |
Congresses. |
| 650 #0 - SUBJECT ADDED ENTRY--TOPICAL TERM |
| Topical term or geographic name entry element |
Funeral rites and ceremonies, Ancient |
| Form subdivision |
Congresses. |
| 650 #0 - SUBJECT ADDED ENTRY--TOPICAL TERM |
| Topical term or geographic name entry element |
Social archaeology |
| Form subdivision |
Congresses. |
| 650 #0 - SUBJECT ADDED ENTRY--TOPICAL TERM |
| Topical term or geographic name entry element |
Excavations (Archaeology) |
| Form subdivision |
Congresses. |
| 650 #0 - SUBJECT ADDED ENTRY--TOPICAL TERM |
| Topical term or geographic name entry element |
Burial. |
| 650 #0 - SUBJECT ADDED ENTRY--TOPICAL TERM |
| Topical term or geographic name entry element |
Grave goods. |
| 655 #0 - INDEX TERM--GENRE/FORM |
| Genre/form data or focus term |
Electronic books. |
| 700 1# - ADDED ENTRY--PERSONAL NAME |
| Personal name |
Prados Torreira, Lourdes. |
| 700 1# - ADDED ENTRY--PERSONAL NAME |
| Personal name |
López Ruiz, Clara. |
| 700 1# - ADDED ENTRY--PERSONAL NAME |
| Personal name |
Parra Camacho, Javier. |
| 791 2# - |
| -- |
Digitalia (Firm), |
| -- |
distributor. |
| 793 0# - |
| -- |
Digitalia eBook Collection: |
| -- |
Universidad Autónoma de Madrid. |
| 830 #0 - SERIES ADDED ENTRY--UNIFORM TITLE |
| Uniform title |
Colección de estudios (Universidad Autónoma de Madrid) ; |
| Volume/sequential designation |
145. |
| 856 40 - ELECTRONIC LOCATION AND ACCESS |
| Materials specified |
Digitalia Hispánica |
| Uniform Resource Identifier |
<a href="https://www.digitaliapublishing.com/a/19646/">https://www.digitaliapublishing.com/a/19646/</a> |
| 910 ## - USER-OPTION DATA (OCLC) |
| User-option data |
Premium Collection: 2007-2012 |
| 942 ## - ADDED ENTRY ELEMENTS (KOHA) |
| Koha item type |
Recurso Electrónico |